| 000 | 00728cam a22002414a 4500 | ||
|---|---|---|---|
| 008 | |||
| 020 | _a1402010044 (pbk) | ||
| 049 | _aMAIN | ||
| 090 | 0 | _aTD187 BAS | |
| 100 | 1 | _aBashkin, Vladimir N. | |
| 245 | 1 | 0 |
_aEnvironmental chemistry : _bAsian lessons / _cby Vladimir N. Bashkin. |
| 260 |
_aDordrecht : _bKluwer Academic, _cc2003. |
||
| 300 |
_axii, 472 p. : _bill., maps ; _c25 cm. |
||
| 500 | _aIncludes bibliographical references. | ||
| 504 | _aIncludes index. | ||
| 650 | 0 |
_aPollution _zAsia. |
|
| 650 | 0 |
_aEnvironmental chemistry _zAsia. |
|
| 907 |
_a.b10213375 _b18-09-06 _c05-09-06 |
||
| 003 | |||
| 005 | 20230123134242.0 | ||
| 040 | _cNUST | ||
| 942 |
_cBOOKS _kTD187 BAS |
||
| 999 |
_c162670 _d162670 |
||